Negotiating Resilience with Hard and Soft City.

This book explores how cities are shaped by the lived experiences of inhabitants and examines the ways they develop strategies to cope with daily and unexpected challenges.

Bibliographic Details
Main Author: Singh, Binti.
Other Authors: Berger, Tania., Parmar, Manoj.
Format: eBook
Language:English
Published: Milton : Taylor & Francis Group, 2023.
Edition:1st ed.
Series:Urban Futures Series
Subjects:
Online Access:Click to View
LEADER 01759nam a22004213i 4500
001 EBC7245102
003 MiAaPQ
005 20231204023229.0
006 m o d |
007 cr cnu||||||||
008 231204s2023 xx o ||||0 eng d
020 |a 9781000842630  |q (electronic bk.) 
020 |z 9781032289434 
035 |a (MiAaPQ)EBC7245102 
035 |a (Au-PeEL)EBL7245102 
035 |a (OCoLC)1377282878 
040 |a MiAaPQ  |b eng  |e rda  |e pn  |c MiAaPQ  |d MiAaPQ 
082 0 |a 307.76 
100 1 |a Singh, Binti. 
245 1 0 |a Negotiating Resilience with Hard and Soft City. 
250 |a 1st ed. 
264 1 |a Milton :  |b Taylor & Francis Group,  |c 2023. 
264 4 |c Ã2023. 
300 |a 1 online resource (209 pages) 
336 |a text  |b txt  |2 rdacontent 
337 |a computer  |b c  |2 rdamedia 
338 |a online resource  |b cr  |2 rdacarrier 
490 1 |a Urban Futures Series 
520 |a This book explores how cities are shaped by the lived experiences of inhabitants and examines the ways they develop strategies to cope with daily and unexpected challenges. 
588 |a Description based on publisher supplied metadata and other sources. 
590 |a Electronic reproduction. Ann Arbor, Michigan : ProQuest Ebook Central, 2023. Available via World Wide Web. Access may be limited to ProQuest Ebook Central affiliated libraries.  
655 4 |a Electronic books. 
700 1 |a Berger, Tania. 
700 1 |a Parmar, Manoj. 
776 0 8 |i Print version:  |a Singh, Binti  |t Negotiating Resilience with Hard and Soft City  |d Milton : Taylor & Francis Group,c2023  |z 9781032289434 
797 2 |a ProQuest (Firm) 
830 0 |a Urban Futures Series 
856 4 0 |u https://ebookcentral.proquest.com/lib/matrademy/detail.action?docID=7245102  |z Click to View